Paesi più vicini al Nicaragua - Morte improvvisa - Statistics

Statistiche generali
  • Questo quiz è stato fatto 22 volte
  • Il punteggio medio è 6 su 15
Answers on the Grid
Answers color-coded by a green-red scale on the quiz's grid according to % correct below.
Costa Rica
Honduras
El Salvador
Guatemala
Panama
Colombia
Belize
Messico
Cuba
Giamaica
Ecuador
Stati Uniti
Haiti
Venezuela
Bahamas
Perù
Guyana
Suriname
Brasile
Bolivia
Paraguay
Uruguay
Argentina
Repubblica Dominicana
Saint Kitts e Nevis
Dominica
Barbados
Isole Marshall
Nuova Zelanda
Mali
 
Statistiche sulle risposte
Risposta % Corretto
Belize
75%
Costa Rica
75%
El Salvador
75%
Guatemala
75%
Honduras
75%
Panama
75%
Giamaica
50%
Haiti
50%
Messico
50%
Bahamas
0%
Colombia
0%
Cuba
0%
Ecuador
0%
Stati Uniti
0%
Venezuela
0%
Nessun quiz corrispondente trovato
Distribuzione punteggi
Percentuale di utenti per punteggio
Percentile per numero di risposta
I tuoi punteggi nel tempo
Non hai fatto questo quiz